000 00635nam a22001697a 4500
003 NUST
038 _aNusrat Nadeem
082 _a200
100 _aQureshi, Farhan Rauf
_9125317
245 _aInclusive leadership and its impact on Employees’ creativity and how knowledge sharing mediates the effects of Inclusive leadership on employees’ creativity/
_cFarhan Rauf Qureshi,
264 _aIslamabad;
_bNBS NUST;
_c2024.
300 _a31,p;
_bill;
_c30,cm.
650 _aExecutive MBA
_9120079
700 _aSupervisor: Dr Nabeel Safdar
_9119913
856 _uhttp://10.250.8.41:8080/xmlui/handle/123456789/45557
942 _2ddc
_cSC
999 _c611075
_d611075